| 000 | 00378nam a2200145Ia 4500 | ||
|---|---|---|---|
| 008 | 240624s9999 xx 000 0 und d | ||
| 041 | _aeng | ||
| 082 | _a658.8 PRI | ||
| 100 | _aPRIDE WILLIAM M | ||
| 245 | _aMARKETING FOUNDATIONS | ||
| 250 | _a(3rd ed.) | ||
| 260 |
_c2009 _aAustralia _bSouth-Western Cengage Learning |
||
| 300 | _axxi, : 521 : p. : cm. ; 26 | ||
| 365 |
_c _b30 |
||
| 999 |
_c14965 _d14965 |
||